Sports Quiz

Random Sports or Hockey Quiz

Guess the Roster Quiz Stats

 Plays Quiz not verified by Sporcle

Challenge
Share
Tweet
Embed
Score 0/28 Timer 07:00
0 Plays Today
Jersey number Player % Correct
13Pavel Datsyuk
90.5%
40Henrik Zetterberg
89.2%
35 Jimmy Howard
83.8%
55Niklas Kronwall
81.1%
14Gustav Nyquist
78%
93 Johan Franzen
75.7%
21 Tomas Tatar
71.6%
52Jonathan Ericsson
70.3%
2Brenden Smith
67.6%
43Darren Helm
67.6%
8Justin Abdelkader
63.5%
50 Jonas Gustavsson
63.5%
11Daniel Alfredsson
59.5%
65 Danny Dekeyser
59.5%
Jersey number Player % Correct
71Daniel Cleary
59.5%
20Drew Miller
58.1%
4Jakub Kindl
55.4%
27Kyle Quincey
52.7%
15Riley Sheahan
48.6%
44Todd Bertuzzi
47.3%
26Tomas Jurco
47.3%
90Stephan Weiss
45.9%
41Luke Glendening
41.9%
17David Legwand
36.5%
37Mikeal Samuelsson
32.4%
23Brian Lashoff
31.1%
18Joakim Andersson
31.1%
25Cory Emmerton
18.9%

You're not logged in!

Compare scores with friends on all Sporcle quizzes.
Join for Free
OR
Log In

You Might Also Like...

Show Comments

Extras

Created Mar 24, 2014SourceReportNominate
Tags:Hockey Quiz, NHL Quiz

Top Quizzes Today


Score Distribution

Your Account Isn't Verified!

In order to create a playlist on Sporcle, you need to verify the email address you used during registration. Go to your Sporcle Settings to finish the process.

Report this User

Report this user for behavior that violates our Community Guidelines.

Details: